000 01219nam a2200277Ia 4500
001 ebr10087204
003 CaPaEBR
006 m u
007 cr cn|||||||||
008 940512t19911990nyuaf sb 001 0 eng d
020 _z0195071301 (pbk.)
040 _aCaPaEBR
_cCaPaEBR
035 _a(OCoLC)252544792
050 1 4 _aF128.44
_b.B47 1991eb
100 1 _aBernstein, Iver.
245 1 4 _aThe New York City draft riots
_h[electronic resource] :
_btheir significance for American society and politics in the age of the Civil War /
_cIver Bernstein.
260 _aNew York :
_bOxford University Press,
_c1991, c1990.
300 _aix, 363 p., [8] p. of plates :
_bill.
504 _aIncludes bibliography: p. 341-347 and index.
533 _aElectronic reproduction.
_bPalo Alto, Calif. :
_cebrary,
_d2009.
_nAvailable via World Wide Web.
_nAccess may be limited to ebrary affiliated libraries.
650 0 _aDraft Riot, New York, N.Y., 1863.
651 0 _aNew York (N.Y.)
_xHistory
_yCivil War, 1861-1865.
655 7 _aElectronic books.
_2local
710 2 _aebrary, Inc.
856 4 0 _uhttp://site.ebrary.com/lib/rucke/Doc?id=10087204
_zAn electronic book accessible through the World Wide Web; click to view
999 _c51708
_d51708